Построение трехмерных геологических моделей и подсчет запасов углеводородов в программном комплексе DV-GEO: практикум

Bibliographic Details
Main Author: Иванова И. А. Ирина Александровна
Corporate Author: Национальный исследовательский Томский политехнический университет (ТПУ)
Other Authors: Грохотов Е. И. Евгений Игоревич
Summary:Практикум составлен авторами с целью проведения учебно-научных исследований в области нефтяной геологии с использованием программного комплекса DV-Geo. Эта компьютерная технология предназначена для создания и поддержки трехмерной геолого-технологической модели залежей нефти и газа, а также оценки геологических запасов углеводородов. Программа динамической визуализации DV-Geo устанавливается в операционной среде Microsoft Windows ХР/ Vista. Предназначен для студентов, обучающихся по специальностям 130304 "Геология нефти и газа" и 130503 "Разработка и эксплуатация нефтяных и газовых месторождений" вузов нефтегазового направления.
Language:Russian
Published: Томск, Изд-во ТПУ, 2011
Subjects:
Format: MixedMaterials Book
KOHA link:https://koha.lib.tpu.ru/cgi-bin/koha/opac-detail.pl?biblionumber=204842

MARC

LEADER 00000nam0a2200000 4500
001 204842
005 20231101225235.0
035 |a (RuTPU)RU\TPU\book\223284 
090 |a 204842 
100 |a 20111202d2011 m y0rusy50 ca 
101 0 |a rus 
102 |a RU 
105 |a a j 001zy 
200 1 |a Построение трехмерных геологических моделей и подсчет запасов углеводородов в программном комплексе DV-GEO  |e практикум  |f И. А. Иванова, Е. И. Грохотов  |g Национальный исследовательский Томский политехнический университет (ТПУ) 
210 |a Томск  |c Изд-во ТПУ  |d 2011 
215 |a 108 с.  |c ил. 
320 |a Библиогр.: с. 107. 
330 |a Практикум составлен авторами с целью проведения учебно-научных исследований в области нефтяной геологии с использованием программного комплекса DV-Geo. Эта компьютерная технология предназначена для создания и поддержки трехмерной геолого-технологической модели залежей нефти и газа, а также оценки геологических запасов углеводородов. Программа динамической визуализации DV-Geo устанавливается в операционной среде Microsoft Windows ХР/ Vista. Предназначен для студентов, обучающихся по специальностям 130304 "Геология нефти и газа" и 130503 "Разработка и эксплуатация нефтяных и газовых месторождений" вузов нефтегазового направления. 
606 1 |a Геологические модели  |x Построение на вычислительных машинах  |2 stltpush  |3 (RuTPU)RU\TPU\subj\67664  |9 83385 
606 1 |a Нефтегазоносность  |x Подсчет и классификация запасов  |2 stltpush  |3 (RuTPU)RU\TPU\subj\45611  |9 64804 
610 1 |a нефтяная геология 
610 1 |a геолого-технологические исследования 
610 1 |a углеводороды 
610 1 |a нефть 
610 1 |a газ 
610 1 |a трехмерное моделирование 
610 1 |a компьютерные технологии 
610 1 |a труды учёных ТПУ 
610 1 |a учебные пособия 
675 |a 553.98.048(075.8)  |v 3 
675 |a 55:681.3(075.8)  |v 3 
700 1 |a Иванова  |b И. А.  |c специалист в области моделирования процессов горения  |c доцент Томского политехнического университета, кандидат технических наук  |f 1957-  |g Ирина Александровна  |2 stltpush  |3 (RuTPU)RU\TPU\pers\25523 
701 1 |a Грохотов  |b Е. И.  |g Евгений Игоревич 
712 0 2 |a Национальный исследовательский Томский политехнический университет (ТПУ)  |c (2009- )  |2 stltpush  |3 (RuTPU)RU\TPU\col\15902 
801 1 |a RU  |b 63413507  |c 20111202 
801 2 |a RU  |b 63413507  |c 20130111  |g RCR 
942 |c BK